| 000 | 00796nam a2200217Ii 4500 | ||
|---|---|---|---|
| 003 | JO-AjNU | ||
| 008 | 230605s9999||||xx |||||||||||||| ||und|| | ||
| 017 | _a1988/11/688 | ||
| 040 |
_aJO-AjNU _bara _erda _cJO-AjNU |
||
| 041 | _aara | ||
| 050 | 1 | 4 | _aPJ6095.M8388 1989 |
| 100 | 3 |
_aتاليف مهيدات، محسن فالح؛ م.مشارك زياد مخيمر البوريني, _eauthor _934912 |
|
| 245 | 0 | 0 | _aالبسيط في اللغة العربية |
| 250 | _aط1 | ||
| 264 | 3 | 1 | _aاربد: مكتبة الكندي، 1988 |
| 300 | _a135ص | ||
| 336 |
_atext _btxt _2rdacontent |
||
| 337 |
_aunmediated _bn _2rdamedia |
||
| 338 |
_avolume _bnc _2rdacarrier |
||
| 650 | 4 |
_aاللغة العربية-زياد مخيمر البوريني-البسيط في اللغة العربية _934913 |
|
| 999 |
_aA14361 _c17929 _d17929 |
||